[Event "Pinneberg-ch"]
[Site "Pinneberg"]
[Date "2009.09.10"]
[Round "3"]
[White "Vinck, Arne"]
[Black "Goettsche, Jens"]
[Result "0-1"]
[WhiteElo "1670"]
[BlackElo "1836"]
[PlyCount "34"]
[EventDate "2009.08.27"]
[EventType "swiss"]
[EventRounds "7"]
[EventCountry "GER"]
[SourceTitle "EXT 2012"]
[Source "ChessBase"]
[SourceDate "2011.11.24"]
[SourceVersion "1"]
[SourceVersionDate "2011.11.24"]
[SourceQuality "1"]

1. e4 c5 2. Nc3 Nc6 3. g3 g6 4. Bg2 Bg7 5. d3 d6 6. Be3 Nf6 7. h3 e5 8. Qd2 Nd4 9. f4 Rb8 10. Nd5 Nxd5 11. exd5 Nf5 12. Ne2 0-0 13. c3 Re8 14. Kf2 Bh6 15. Rae1 Nxe3 16. Qxe3 exf4 17. Qf3 Re3 0-1

[Event "Pinneberg-ch"]
[Site "Pinneberg"]
[Date "2007.09.20"]
[Round "4"]
[White "Putzbach, Gerd"]
[Black "Goettsche, Jens"]
[Result "1-0"]
[WhiteElo "2268"]
[BlackElo "1837"]
[PlyCount "85"]
[EventDate "2007.08.30"]
[EventType "swiss"]
[EventRounds "7"]
[EventCountry "GER"]
[SourceTitle "CBM 120 Extra"]
[Source "ChessBase"]
[SourceDate "2007.11.01"]
[SourceVersion "1"]
[SourceVersionDate "2007.11.01"]
[SourceQuality "1"]

1. e4 c5 2. Nf3 d6 3. d4 cxd4 4. Nxd4 Nf6 5. Nc3 g6 6. Be2 Bg7 7. 0-0 0-0 8. Nb3 Nc6 9. Bg5 Be6 10. f4 Rc8 11. Kh1 a6 12. Bf3 Qc7 13. Nd5 Bxd5 14. exd5 Na5 15. Nxa5 Qxa5 16. c3 Qb5 17. Qd2 Rc7 18. Rfe1 Qd7 19. Re2 Re8 20. Rae1 b5 21. h3 Qd8 22. g4 h6 23. Bh4 Qc8 24. Kh2 Qb7 25. Kg2 Rc5 26. Bf2 Rc7 27. Bd4 Nh7 28. Bxg7 Kxg7 29. h4 Qc8 30. g5 h5 31. Re4 Nf8 32. Kg3 Qd8 33. Qd4+ Kg8 34. Qb6 Qc8 35. a4 bxa4 36. Rxa4 Rb7 37. Qf2 Rc7 38. Rea1 Nd7 39. Rxa6 Nc5 40. Rb6 Qf5 41. Qe3 Nd7 42. Rxd6 Rc4 43. Rc6 1-0

[Event "Pinneberg-ch"]
[Site "Pinneberg"]
[Date "2007.09.06"]
[Round "2"]
[White "Goettsche, Jens"]
[Black "Kuhn, Gerd"]
[Result "0-1"]
[WhiteElo "1837"]
[BlackElo "2232"]
[PlyCount "60"]
[EventDate "2007.08.30"]
[EventType "swiss"]
[EventRounds "7"]
[EventCountry "GER"]
[SourceTitle "CBM 120 Extra"]
[Source "ChessBase"]
[SourceDate "2007.11.01"]
[SourceVersion "1"]
[SourceVersionDate "2007.11.01"]
[SourceQuality "1"]

1. d4 c5 2. d5 e6 3. c4 exd5 4. cxd5 d6 5. Nc3 a6 6. e4 g6 7. g3 b5 8. a3 Bg7 9. Nge2 Nf6 10. Bg2 0-0 11. 0-0 Re8 12. f3 Nbd7 13. Be3 Ne5 14. Bf2 Rb8 15. b4 c4 16. Bd4 Nd3 17. Rb1 Bd7 18. Qc2 Qc8 19. Nd1 Bh3 20. Nb2 Bxg2 21. Kxg2 Ne5 22. Qc3 Ned7 23. Rbe1 Re7 24. h3 Qf8 25. Nd1 Rbe8 26. Nf2 Nxd5 27. Qb2 Ne3+ 28. Kg1 Nxf1 29. Kxf1 Ne5 30. Ng1 Nc6 0-1

[Event "Pinneberg-ch"]
[Site "Pinneberg"]
[Date "2007.08.30"]
[Round "1"]
[White "Stoephasius, Christian"]
[Black "Goettsche, Jens"]
[Result "0-1"]
[WhiteElo "1414"]
[BlackElo "1837"]
[PlyCount "44"]
[EventDate "2007.08.30"]
[EventType "swiss"]
[EventRounds "7"]
[EventCountry "GER"]
[SourceTitle "CBM 120 Extra"]
[Source "ChessBase"]
[SourceDate "2007.11.01"]
[SourceVersion "1"]
[SourceVersionDate "2007.11.01"]
[SourceQuality "1"]

1. e4 c5 2. Nf3 d6 3. Bb5+ Bd7 4. Bxd7+ Qxd7 5. 0-0 Nc6 6. d4 cxd4 7. Nxd4 Rc8 8. Nc3 Nf6 9. Re1 g6 10. Bg5 Bg7 11. Qd2 0-0 12. Nxc6 Qxc6 13. Bh6 Bxh6 14. Qxh6 Rfd8 15. Qg5 Rd7 16. Rad1 Rcc7 17. e5 dxe5 18. Rxe5 Kg7 19. Rde1 h6 20. Qf4 Qb6 21. Na4 Qd6 22. Qe3 Ng4 0-1